| 000 | 01086nam a22002177a 4500 | ||
|---|---|---|---|
| 999 |
_c60103 _d60103 |
||
| 003 | Ge_BSU | ||
| 005 | 20230608155418.0 | ||
| 008 | 230608s2014 ge ||||| |||| 00| 0 geo d | ||
| 020 | _a9789941068416 | ||
| 041 | _ageo | ||
| 080 | _a929.731(479.22) + 94(479.22) მ-91 | ||
| 100 |
_aმუმლაძე, ტ. (ტარიელ) _918578 |
||
| 245 |
_aქართველ მეფეთა ქრონოლოგია : ყველა ოჯახის სამაგიდო წიგნი : _b[დამხმ. სასწავლო მასალა] / _cტარიელ მუმლაძე ; [რედ. გურამ კუპატაძე]. |
||
| 250 | _aმე-2 გამოცემა | ||
| 264 |
_aთბილისი, _c2014. |
||
| 504 | _aბიბლიოგრ.: გვ. 154. | ||
| 653 | _aსაქართველოს მეფეები | ||
| 653 | _aსაქართველოს ისტორია | ||
| 700 |
_aკუპატაძე, გ. (გურამ) _eრედაქტორი _918579 |
||
| 942 |
_2udc _cBK |
||